The Influence of Human Resource Department on Organizational Productivity of Aspen Business Solution Inc.: An Assessmentk (Record no. 58647)

MARC details
000 -LEADER
fixed length control field 00866nam a22002177a 4500
003 - CONTROL NUMBER IDENTIFIER
control field URS
005 - DATE AND TIME OF LATEST TRANSACTION
control field 20220912153951.0
008 - FIXED-LENGTH DATA ELEMENTS--GENERAL INFORMATION
fixed length control field 220912b |||||||| |||| 00| 0 eng d
100 ## - MAIN ENTRY--PERSONAL NAME
9 (RLIN) 2524
Personal name Gozum, Kimberly R.
Relator term author
245 ## - TITLE STATEMENT
Title <a href="The Influence of Human Resource Department on Organizational Productivity of Aspen Business Solution Inc.: An Assessmentk">The Influence of Human Resource Department on Organizational Productivity of Aspen Business Solution Inc.: An Assessmentk</a>
Statement of responsibility, etc Kimberly R. Gozum, Joseph A. Guno
260 ## - PUBLICATION, DISTRIBUTION, ETC. (IMPRINT)
Date of publication, distribution, etc 2021
300 ## - PHYSICAL DESCRIPTION
Extent xiii,71 leaves
Dimensions 28 cm
336 ## - CONTENT TYPE
Source rdacontent
Content type term text
337 ## - MEDIA TYPE
Source rdamedia
Media type term unmediated
338 ## - CARRIER TYPE
Source rdacarrier
Carrier type term volume
502 ## - DISSERTATION NOTE
Dissertation note Thesis
Degree type Bachelor of Science in Business Administration Major in Human Resource Management
Name of granting institution University of Rizal System, Binangonan
Year degree granted 2021
504 ## - BIBLIOGRAPHY, ETC. NOTE
Bibliography, etc includes bibliographical references
700 ## - ADDED ENTRY--PERSONAL NAME
9 (RLIN) 2525
Personal name Guno, Joseph A.
Relator term author
700 ## - ADDED ENTRY--PERSONAL NAME
9 (RLIN) 1679
Personal name Albert Q. Clemente, MM
Relator term adviser
942 ## - ADDED ENTRY ELEMENTS (KOHA)
Source of classification or shelving scheme Library of Congress Classification
Koha item type Theses and dissertations
Holdings
Withdrawn status Source of classification or shelving scheme Damaged status Not for loan Home library Current library Date acquired Total Checkouts Barcode Date last seen Price effective from Koha item type
  Library of Congress Classification     Binangonan College Library Binangonan College Library 09/12/2022   URSBIN-UGT2372 09/12/2022 09/12/2022 Theses and dissertations

University of Rizal System
Email us at univlibservices@urs.edu.ph

Visit our Website www.urs.edu.ph/library